000 00441nam a2200157Ia 4500
003 OSt
005 20200706094533.0
008 190216s9999||||xx |||||||||||||| ||und||
040 _coclc
082 _a942.05
_bWIL/T
100 _aWilliamson, James A
_93533
245 0 _aThe Tudor Age /
_cJames A Williamson
260 _bLongman,
_aLondon:
_c1975.
300 _a468p
942 _cBK
_2ddc
_h942.05
_iWIL/T
_k942.05
_mWIL/T
999 _c19169
_d19169